| 000 | 00593nam a2200157Ia 4500 | ||
|---|---|---|---|
| 008 | 220216s9999 xx 000 0 und d | ||
| 100 |
_aCao J H _cet al |
||
| 245 | 0 | _aCompare on nutrient ecology of clone PR 107 in Danzhou, Hainan | |
| 260 | _bClimate change, low carbon economy and sustainable natural rubber industry: Preprints of proceedings of IRRDB International Rubber Conference 2010, 18-19 October 2010 Sanya, Hainan, China, pp.64-65. | ||
| 650 | _aBiomass | ||
| 650 | _aClone PR 107 | ||
| 650 | _aNutrient cycle | ||
| 650 | _aProductivity | ||
| 650 | _aRubber tree | ||
| 942 | _cJS | ||
| 999 |
_c55978 _d55978 |
||